[Event "Challenge"]
[Site "http://www.queenalice.com/game.php?id=208063"]
[Date "2007.5.8"]
[Round "-"]
[White "lucianogjunqueira"]
[Black "vult0"]
[Result "0-1"]
[WhiteElo "1085"]
[BlackElo "1797"]

1. d3 e5 2. e4 d5 3. Nf3 Bg4 4. Be2 Bxf3 5. Bxf3 Nf6 6. exd5 Nxd5 7. Bxd5 Qxd5
8. Qg4 Nd7 9. Nc3 Qc6 10. Ne4 Qxc2 11. a3 Qxd3 12. Be3 g6 13. Ng5 Rd8 14. Qf3
Qc4 15. Qxb7 Nf6 16. Qxc7 Qxc7 17. O-O Bg7 18. Rac1 Qb8 19. b4 e4 20. Rb1 Ng4
21. Nxe4 Qxh2# 0-1

[Event "Challenge"]
[Site "http://www.queenalice.com/game.php?id=209640"]
[Date "2007.5.11"]
[Round "-"]
[White "lucianogjunqueira"]
[Black "vult0"]
[Result "0-1"]
[WhiteElo "1083"]
[BlackElo "1831"]

1. d3 e5 2. e3 Nc6 3. Nc3 Bb4 4. Nf3 d6 5. h3 Nf6 6. e4 h6 7. Bd2 a5 8. Nb5 O-O
9. d4 exd4 10. Bc4 Nxe4 11. Nc3 dxc3 12. Qe2 cxd2+ 13. Nxd2 Nxd2 14. c3 Re8 15.
cxb4 Nxc4 0-1

[Event "Challenge"]
[Site "http://www.queenalice.com/game.php?id=209710"]
[Date "2007.5.12"]
[Round "-"]
[White "farofa38"]
[Black "lucianogjunqueira"]
[Result "1-0"]
[WhiteElo "1518"]
[BlackElo "1111"]

1. g4 e6 2. e4 g6 3. Nh3 c6 4. Qf3 Bh6 5. g5 Bg7 6. c3 Ne7 7. d4 Qa5 8. Bf4 Na6
9. b4 Nxb4 10. cxb4 Qxb4+ 11. Bd2 Qb2 12. Bc3 Qc2 13. Na3 Qa4 14. Nc4 f5 15.
exf5 Nxf5 16. Qf4 b5 17. Nb2 Nxd4 18. Nxa4 Nc2+ 19. Kd2 Nxa1 20. Bxg7 Rg8 21.
Bxa1 Rf8 22. Bf6 Ba6 23. Qd6 Kf7 24. Qe7+ Kg8 25. Qg7# 1-0

[Event "Challenge"]
[Site "http://www.queenalice.com/game.php?id=209712"]
[Date "2007.5.12"]
[Round "-"]
[White "lucianogjunqueira"]
[Black "Hugo62"]
[Result "1-0"]
[WhiteElo "1090"]
[BlackElo "1226"]

1. e4 e5 2. Bc4 Nh6 3. d3 Nc6 4. Bxh6 gxh6 5. Qh5 Qe7 6. Nc3 Nb4 7. O-O-O d6 8.
Nd5 Nxd5 9. Bxd5 Kd8 10. Ne2 c6 11. Bxf7 Bd7 12. d4 exd4 13. Rxd4 Kc7 14. Nc3
Bg7 15. Qa5+ b6 16. Qa6 Qxf7 17. Rc4 Qxf2 18. e5 Qxg2 19. Rd1 Qxh2 20. Rxd6 Bf5
21. Rcxc6+ Kb8 22. Nd5 Qh1+ 23. Kd2 Bxe5 24. Qe2 Re8 25. Nc7 Kb7 26. Nxa8 Rxa8
27. Qf2 Qh5 28. Rxb6+ Kc7 29. Qc5# 1-0

[Event "Challenge"]
[Site "http://www.queenalice.com/game.php?id=211007"]
[Date "2007.5.15"]
[Round "-"]
[White "vult0"]
[Black "lucianogjunqueira"]
[Result "1/2-1/2"]
[WhiteElo "1811"]
[BlackElo "1109"]

1. c4 d6 2. d4 c6 3. e4 Nf6 4. Bd3 Na6 5. a3 c5 6. d5 e6 7. Nf3 Ng4 8. h3 Nf6 9.
Bg5 Qa5+ 10. Nc3 Bd7 11. Bxf6 gxf6 12. O-O e5 13. Qb3 O-O-O 14. Nb5 Kb8 15. Nh4
Rg8 16. Nf5 Bc8 17. Be2 Qd2 18. Bh5 Qg5 19. g4 Qf4 20. Qc2 Bxf5 21. exf5 e4 22.
Nc3 e3 23. Ne2 exf2+ 24. Rxf2 Qe3 25. Kg2 Bh6 26. Bxf7 Rg7 27. Be6 Bg5 28. Ng3
Qe5 29. Qe2 Be3 30. Nh5 Rg5 31. Rf3 Bd4 32. Qxe5 Bxe5 33. Rb1 Nc7 34. b4 cxb4
35. axb4 Nxe6 36. dxe6 Rc8 37. Rc1 d5 38. c5 d4 39. b5 Rgg8 40. Ng3 Rgd8 41. Ne4
d3 42. Rd1 d2 43. Rxd2 Rxd2+ 44. Nxd2 Rxc5 45. Rd3 Rc8 46. Nc4 Bc7 47. Nd6 Bxd6
48. Rxd6 Kc7 49. Rd1 a5 50. Rc1+ Kb8 51. Re1 a4 52. Ra1 Rc2+ 53. Kg3 Rc4 54. Kh4
Ka7 55. Kh5 Kb6 56. Kh6 Rc7 57. Rxa4 Kxb5 58. Rd4 Kc6 59. Rc4+ Kd6 60. Rxc7 Kxc7
1/2-1/2

[Event "Challenge"]
[Site "http://www.queenalice.com/game.php?id=215747"]
[Date "2007.5.24"]
[Round "-"]
[White "lolothebest"]
[Black "lucianogjunqueira"]
[Result "0-1"]
[WhiteElo "1380"]
[BlackElo "1119"]

1. e3 e6 2. g3 c6 3. Bg2 Nf6 4. Nh3 Bb4 5. c3 Ba5 6. b4 Bb6 7. a4 Ne4 8. Bxe4
O-O 9. Bc2 d5 10. Bb3 e5 11. a5 Bc7 12. Qc2 Qd6 13. Ng5 d4 14. Ne4 Qd7 15. Ng5
Qh3 16. Nxh3 Bxh3 17. Qd3 Rd8 18. Bc2 Na6 19. Ba3 g6 20. e4 Rd7 21. Bd1 Bd8 22.
b5 Nc7 23. g4 Bh4 24. Qxh3 g5 25. Bb3 Ne8 26. Qf3 Rad8 27. Qf5 dxc3 28. dxc3 Rd3
29. Qxf7+ Kh8 0-1

[Event "Challenge"]
[Site "http://www.queenalice.com/game.php?id=216067"]
[Date "2007.5.25"]
[Round "-"]
[White "what"]
[Black "lucianogjunqueira"]
[Result "1-0"]
[WhiteElo "1384"]
[BlackElo "1143"]

1. Nf3 e6 2. e4 d6 3. b3 g6 4. Bb2 Nf6 5. d3 c6 6. Bc3 Bh6 7. e5 dxe5 8. Bxe5
Bg7 9. d4 O-O 10. Bd3 Qd5 11. O-O Nbd7 12. Bc4 Qe4 13. Nc3 Qf5 14. Bd3 Qh5 15.
h3 a5 16. Ne2 a4 17. Ng3 Qh6 18. b4 Nd5 19. Bxg7 Qxg7 20. Qd2 b6 21. c4 Nxb4 22.
Qxb4 c5 23. dxc5 bxc5 24. Qd2 Bb7 25. Bc2 Ba6 26. Qxd7 Qc3 27. Qxa4 e5 28. Be4
Rab8 29. Qxa6 Rb2 30. Rac1 Qb4 31. Nxe5 Rd8 32. a3 Qb8 33. Qf6 Rf8 34. Nd7 Qe8
35. Nxc5 Qd8 36. Qxd8 Rxd8 37. Bd5 Kg7 38. a4 Re8 39. a5 h5 40. h4 Rh8 41. a6
Ra2 42. Nce4 Rxa6 43. c5 Rd8 44. Bb7 Ra7 45. c6 Rd4 46. Nc5 Rd8 47. c7 Rc8 48.
Bxc8 Rxc7 49. Nce4 Re7 50. Ng5 Kh6 51. Rfe1 Rxe1+ 52. Rxe1 f6 53. Nf7+ Kg7 54.
Be6 f5 55. f4 Kf6 56. Re5 Ke7 57. Nh8 Kf6 58. Bf7 Kg7 59. Bxg6 Kxh8 60. Bxh5 Kh7
61. Rxf5 Kh6 62. Rg5 1-0

[Event "Challenge"]
[Site "http://www.queenalice.com/game.php?id=216068"]
[Date "2007.5.25"]
[Round "-"]
[White "grega"]
[Black "lucianogjunqueira"]
[Result "1-0"]
[WhiteElo "1342"]
[BlackElo "1126"]

1. e4 d6 2. d4 e6 3. Nc3 Nc6 4. Nf3 Qe7 5. Bg5 f6 6. Bh4 g5 7. Bg3 f5 8. Bd3 d5
9. Nb5 b6 10. Bxc7 Kd7 11. Ne5+ Nxe5 12. Bxe5 Qb4+ 13. c3 Qxb2 14. Bxh8 Ba6 15.
Rb1 Qxa2 16. O-O Bxb5 17. Bxb5+ Kc7 18. Be5+ Bd6 19. Bxd6+ Kxd6 20. e5+ Ke7 21.
Qh5 Qa5 22. Qxh7+ Kf8 23. Qg6 Qxc3 24. Qxe6 Qxd4 25. Qxf5+ Kg7 26. Qxg5+ Kh7 27.
Rbd1 Qb4 28. Bd3+ Kh8 29. e6 Re8 30. Rfe1 a5 31. Qh5+ Kg7 32. Qg6+ Kf8 33. Qf7#
1-0

[Event "Challenge"]
[Site "http://www.queenalice.com/game.php?id=216069"]
[Date "2007.5.25"]
[Round "-"]
[White "lucianogjunqueira"]
[Black "vult0"]
[Result "0-1"]
[WhiteElo "1123"]
[BlackElo "1810"]

1. d4 d5 2. Nc3 e6 3. Na4 Nf6 4. Bg5 Be7 5. e3 c6 6. c3 Ne4 7. Bf4 b5 8. Qg4 Bf6
9. Nc5 e5 10. Qh5 exf4 11. Nxe4 dxe4 12. exf4 Be6 13. b3 O-O 14. O-O-O Qc8 15.
Re1 Bd5 16. Re3 g6 17. Qh6 Bg7 18. Qh4 Nd7 19. g4 Nf6 20. Be2 Qa6 21. g5 Qxa2
22. gxf6 Qa3+ 23. Kd1 Bxb3+ 0-1

[Event "AUTO-BEG-104"]
[Site "http://www.queenalice.com/game.php?id=217788"]
[Date "2007.5.29"]
[Round "1"]
[White "evasion"]
[Black "lucianogjunqueira"]
[Result "1-0"]
[WhiteElo "1692"]
[BlackElo "1137"]

1. d4 e6 2. e4 d6 3. Nf3 f6 4. d5 Ne7 5. Bc4 e5 6. O-O Nd7 7. Bb3 Nc5 8. c4 f5
9. Bc2 fxe4 10. Nfd2 Nf5 11. Nxe4 Nh4 12. Nxc5 dxc5 13. Qh5+ g6 14. Qe2 Bd6 15.
Nd2 Qg5 16. g3 Qg4 17. Qxg4 Bxg4 18. Ne4 Bh3 19. Nxd6+ cxd6 20. Ba4+ Bd7 21.
Bxd7+ Kxd7 22. gxh4 Rhf8 23. f4 exf4 24. Rxf4 Rxf4 25. Bxf4 Rf8 26. Bg5 Rf4 27.
b3 Rg4+ 28. Kf2 h6 29. Bxh6 Rxh4 30. Bg7 Rxh2+ 31. Kg3 Rh7 32. Bf6 Rf7 33. Bg5
Rf5 34. Kg4 a5 35. Bh4 Rh5 36. Re1 Kc7 37. Re6 Rh6 38. Bg5 Rh2 39. Rxg6 Rxa2 40.
Bf4 Rg2+ 41. Kh5 Rb2 42. Bxd6+ Kb6 43. Be5+ Ka7 44. Bxb2 b6 45. d6 Kb7 46. Kg5
Kc8 47. Kf6 Kd8 48. Ke6 1-0

[Event "AUTO-BEG-104"]
[Site "http://www.queenalice.com/game.php?id=217789"]
[Date "2007.5.29"]
[Round "1"]
[White "lucianogjunqueira"]
[Black "evasion"]
[Result "0-1"]
[WhiteElo "1145"]
[BlackElo "1692"]

1. d4 Nf6 2. f3 d5 3. e3 e6 4. g3 Be7 5. Bd3 Nc6 6. Nc3 O-O 7. g4 h6 8. e4 dxe4
9. fxe4 e5 10. dxe5 Nxe5 11. Bc4 Qxd1+ 12. Nxd1 Nxc4 13. Bf4 Bd6 14. Ne2 Bxf4
15. Nxf4 Nxe4 16. b3 Ncd2 17. Ke2 Bxg4+ 18. Ke3 Bxd1 19. Rhxd1 Rad8 20. Nd3 Nxb3
21. Rab1 Nc3 22. axb3 Nxb1 23. Rxb1 Rfe8+ 24. Kd2 f5 25. Rf1 g6 26. Kc1 Re2 27.
Kd1 Rxh2 28. Kc1 Re8 29. Kd1 Ree2 30. Kc1 Rxc2+ 31. Kb1 Rc3 32. Nc1 Rhc2 33. Na2
Rc6 34. Nb4 R2c3 35. Nxc6 Rxc6 36. Rg1 Kf7 37. Kb2 Kf6 38. Ka3 g5 39. Rh1 Ke5
40. Kb2 Ke4 41. b4 Ke3 42. Rh3+ Kf2 43. Rh2+ Kg1 44. Rh3 f4 0-1

[Event "AUTO-BEG-104"]
[Site "http://www.queenalice.com/game.php?id=217806"]
[Date "2007.5.29"]
[Round "1"]
[White "lucianogjunqueira"]
[Black "samuka_dt"]
[Result "0-1"]
[WhiteElo "1158"]
[BlackElo "1213"]

1. d4 d6 2. e4 Nc6 3. Nc3 e5 4. Nd5 Nf6 5. Bg5 h6 6. Bh4 Nxd4 7. c3 Nxd5 8. Bxd8
Kxd8 9. cxd4 b6 10. Qc2 Nf6 11. Rc1 exd4 12. Qxc7+ Ke8 13. Bb5+ Nd7 14. Ne2 a6
15. Ba4 b5 16. Bb3 Nc5 17. Bc2 g5 18. Nxd4 Bg7 19. Nf5 Bxf5 20. exf5 Rd8 21. O-O
Rd7 22. Rce1+ Be5 23. Rd1 Rxc7 24. Rfe1 Nd7 25. Rxd6 Rxc2 26. Rxa6 Rxb2 27. Ra8+
Ke7 28. Ra7 Rd8 29. Rxe5+ Kf6 30. Rd5 Ke7 31. Ra6 f6 32. Ra7 Rb1+ 0-1

[Event "AUTO-BEG-104"]
[Site "http://www.queenalice.com/game.php?id=217807"]
[Date "2007.5.29"]
[Round "1"]
[White "samuka_dt"]
[Black "lucianogjunqueira"]
[Result "1-0"]
[WhiteElo "1230"]
[BlackElo "1144"]

1. Nf3 f6 2. g3 e6 3. Bg2 Ne7 4. e4 f5 5. d3 Nbc6 6. Bg5 Nb4 7. Bxe7 Bxe7 8.
exf5 exf5 9. Ne5 O-O 10. O-O Bc5 11. c3 Qe7 12. Qb3+ d5 13. cxb4 Bb6 14. Qxd5+
Qe6 15. Nc3 f4 16. Bh3 c6 17. Bxe6+ Bxe6 18. Qxe6+ Kh8 19. Nf7+ Kg8 20. Nd6+ Kh8
21. Nce4 fxg3 22. Ng5 Rf6 23. Ngf7+ Kg8 24. Nh6+ Kf8 25. Qg8+ Ke7 26. Qxg7+ Kxd6
27. Qxf6+ Kd7 28. Qf7+ Kd6 29. Nf5+ Ke5 30. Rfe1+ Kf4 31. Ne3+ Ke5 32. Ng4+ Kd4
33. Re4+ Kxd3 34. Qf5 Kc2 35. Re3+ Kxb2 36. Rb1+ Kxa2 37. Qc2# 1-0

[Event "AUTO-BEG-104"]
[Site "http://www.queenalice.com/game.php?id=217808"]
[Date "2007.5.29"]
[Round "1"]
[White "lucianogjunqueira"]
[Black "thiagoantonio21"]
[Result "0-1"]
[WhiteElo "1134"]
[BlackElo "1335"]

1. f4 d5 2. e3 Bf5 3. c3 e6 4. Qa4+ c6 5. Nf3 Nf6 6. Ne5 Bd6 7. b3 O-O 8. Ba3
Bxa3 9. Nxa3 Ne4 10. c4 dxc4 11. Naxc4 b5 12. Qa3 bxc4 13. Nxc4 Qh4+ 14. Kd1
Nf2+ 15. Kc1 Nxh1 16. Nd6 Qe1+ 17. Kb2 Qxd2# 0-1

[Event "AUTO-BEG-104"]
[Site "http://www.queenalice.com/game.php?id=217809"]
[Date "2007.5.29"]
[Round "1"]
[White "thiagoantonio21"]
[Black "lucianogjunqueira"]
[Result "0-1"]
[WhiteElo "1317"]
[BlackElo "1135"]

1. d4 e6 2. e4 f6 3. f4 Bb4+ 4. Nc3 Nc6 5. Nf3 d5 6. exd5 exd5 7. Bd2 Bg4 8. Bb5
Ne7 9. O-O O-O 10. Na4 Qd6 11. c3 Ba5 12. Nc5 Nf5 13. Nxb7 Qe7 14. Bxc6 Ne3 15.
Bxe3 Qxe3+ 16. Kh1 Bxc3 17. Bxd5+ Kh8 18. bxc3 Qxf4 19. Nc5 Rad8 20. Bc6 Rd6 0-1

[Event "Challenge"]
[Site "http://www.queenalice.com/game.php?id=218777"]
[Date "2007.5.31"]
[Round "-"]
[White "rafaelbdb"]
[Black "lucianogjunqueira"]
[Result "1-0"]
[WhiteElo "1448"]
[BlackElo "1129"]

1. e4 d6 2. Nc3 c6 3. d4 Nf6 4. Nf3 Bg4 5. Be2 Nbd7 6. O-O Qa5 7. Bd2 Qh5 8. d5
c5 9. Bb5 O-O-O 10. h3 Bxh3 11. Ng5 Qg6 12. Nxh3 Ng4 13. Nf4 Qh6 14. Nh3 Qh4 15.
Be2 Nde5 16. f3 Nf6 17. Bg5 Qg3 18. Bxf6 gxf6 19. f4 Rg8 20. Bf3 Qh4 21. fxe5
Qxh3 22. Qe2 Bh6 23. Nd1 Rg3 24. Kf2 Qh4 25. Kg1 Rdg8 26. Rf2 Qf4 27. Ne3 Rh3
28. Bg4+ Rxg4 29. Rxf4 Bxf4 30. Nxg4 h5 31. gxh3 hxg4 32. Qxg4+ Kc7 33. Qxf4
dxe5 34. Qf5 Kd8 35. h4 Ke8 36. Qh7 a5 37. Qg8+ Kd7 38. Qxf7 b5 39. Kf2 c4 40.
Rg1 Kd6 41. Qe6+ Kc5 42. Qxe7+ Kd4 43. d6 Kxe4 44. d7 c3 45. d8=Q cxb2 46. Qxf6
1-0

[Event "Challenge"]
[Site "http://www.queenalice.com/game.php?id=259257"]
[Date "2007.8.21"]
[Round "-"]
[White "vult0"]
[Black "lucianogjunqueira"]
[Result "1-0"]
[WhiteElo "1779"]
[BlackElo "1131"]

1. Nf3 d6 2. g3 f6 3. d4 Bf5 4. Bg2 Nc6 5. c4 Nb4 6. O-O Nc2 7. Na3 Nxa1 8. Bd2
e5 9. Qxa1 exd4 10. Nxd4 Bg4 11. e4 c5 12. Nf5 g6 13. Ne3 Be2 14. Re1 Bd3 15.
Nd5 b6 16. Nb5 Rc8 17. Nxa7 Ra8 18. Nc6 Qc8 19. e5 fxe5 20. Bg5 Qxc6 21. Nf6+
Nxf6 22. Bxc6+ Kf7 23. Bxa8 Ng4 24. Bd5+ Kg7 25. Qd1 Bf5 26. Qa4 Nf6 27. Bxf6+
Kxf6 28. h4 Bh6 29. Qc6 Ke7 30. Qxb6 Rg8 31. a4 Be6 32. a5 Bxd5 33. cxd5 g5 34.
Qc7+ Kf6 35. Qxd6+ Kg7 36. Qxe5+ Kg6 37. Qe6+ Kg7 38. h5 Kh8 39. Qxh6 Rg7 40.
Re8+ Rg8 41. Qf6# 1-0

[Event "Challenge"]
[Site "http://www.queenalice.com/game.php?id=300863"]
[Date "2007.11.9"]
[Round "-"]
[White "vult0"]
[Black "lucianogjunqueira"]
[Result "0-1"]
[WhiteElo "1716"]
[BlackElo "1126"]

1. e4 e6 2. d4 h6 3. Nf3 d6 4. Bd3 Nf6 5. Nc3 Ng4 6. h3 Nf6 7. O-O c6 8. Ne2 d5
9. e5 Nh5 10. c4 Bb4 11. a3 Qa5 12. c5 Nd7 13. Bd2 Bxd2 14. Nxd2 Nf8 15. Ng3 Nf4
16. Nb3 Qd8 17. Bc2 N8g6 18. Qf3 Qh4 19. Nd2 f5 20. b4 Bd7 21. Ne2 Qg5 22. g3
Nxh3+ 23. Kh2 Qxd2 24. Kxh3 Qxc2 25. Qh5 O-O-O 26. a4 Be8 27. Qf3 Rf8 28. b5
cxb5 29. axb5 Bxb5 30. Rfe1 Qb2 31. Nc3 f4 32. g4 Qb4 33. Nxb5 Qxb5 34. Rxa7 Qb2
35. Rd1 Kc7 36. Rd3 Ra8 37. Rxa8 Rxa8 38. Rd1 Ra3 39. Rd3 Ra4 40. Qg2 Qc2 41.
Qf1 b5 42. Rf3 Rc4 43. Ra3 Kb7 44. Ra5 Qb3+ 45. Kh2 Ne7 46. f3 Nc6 47. Ra1 Nxd4
48. Rb1 Qa3 49. Ra1 Qxc5 50. Qe1 Nxf3+ 0-1

[Event "Challenge"]
[Site "http://www.queenalice.com/game.php?id=337479"]
[Date "2008.1.16"]
[Round "-"]
[White "trallala"]
[Black "lucianogjunqueira"]
[Result "0-1"]
[WhiteElo "1472"]
[BlackElo "1156"]

1. e4 e6 2. d4 h6 3. f4 d5 4. e5 f5 5. Qh5+ Kd7 6. c4 Qe8 7. Qd1 Nc6 8. cxd5
exd5 9. Nf3 Bb4+ 10. Nc3 Nge7 11. Bd3 Qg6 12. Qe2 Ba5 13. Bd2 Kd8 14. O-O-O Nb4
15. Bb1 Qg4 0-1

[Event "Challenge"]
[Site "http://www.queenalice.com/game.php?id=337480"]
[Date "2008.1.16"]
[Round "-"]
[White "lucianogjunqueira"]
[Black "madera"]
[Result "0-1"]
[WhiteElo "1185"]
[BlackElo "1750"]

1. e3 e5 2. a3 d5 3. f3 Nf6 4. Nc3 a6 5. d4 Nc6 6. Nge2 Bd6 7. dxe5 Nxe5 8. Nd4
O-O 9. Qd2 c5 10. Nde2 b5 11. e4 Nc4 12. Qg5 h6 13. Qh4 Bb7 14. Ng3 Re8 15. Bd3
d4 16. Nce2 Nb6 17. f4 c4 18. e5 cxd3 19. Nf5 Be7 20. Qg3 Nh5 21. Nxh6+ Kf8 22.
Qg4 g6 23. f5 Bh4+ 24. Kd2 dxe2 25. Kxe2 d3+ 26. Kd1 dxc2+ 27. Kxc2 Rc8+ 28. Kb3
Qd5+ 29. Kb4 Be7+ 30. Ka5 Nc4+ 31. Qxc4 Qd8+ 0-1